|
|
|
|
| LEADER |
00684 a2200181 4500 |
| 008 |
150103s9999 000 0 eng |
| 082 |
|
|
|a 294.513
|
| 100 |
1 |
|
|a Thomas, Paul.
|
| 245 |
1 |
0 |
|a Epics, myths, and legends of India;a comprehensive survey of the sacred lore of the hindus,buddhists and jains/
|
| 250 |
|
|
|a [12 ed.]
|
| 260 |
|
|
|a Bombay:
|b D. B. Taraproevala Sons,
|c [c1961]
|
| 300 |
|
|
|a xiv, 210 p.
|
| 650 |
|
|
|a Indian mythology.
|
| 653 |
|
|
|a Religion-Hinduism.
|
| 653 |
|
|
|a Buddhism-Jainism.
|
| 942 |
|
|
|c BK
|
| 999 |
|
|
|c 303382
|d 303382
|
| 952 |
|
|
|0 0
|1 0
|2 ddc
|4 0
|6 294_513000000000000_THO_EP
|7 0
|9 346997
|a DRA
|b DRA
|c ST1
|d 2011-02-18
|i 4878
|l 0
|o 294.513 THO/EP
|p DRA4878
|r 2019-01-03
|w 2019-01-03
|y BK
|